[Event "NM for klubblag 2008"]
[Site "Oslo NOR"]
[Date "2008.05.02"]
[Round "3"]
[White "Larsplass, Endre"]
[Black "Johansen, Anders Sten"]
[Result "0-1"]
[WhiteElo "1663"]
[BlackElo "1621"]
[PlyCount "60"]
[EventDate "2008.05.01"]
[WhiteTeam "1911 4"]
[BlackTeam "Follo"]

1. e4 c5 2. Nf3 d6 3. d4 cxd4 4. Nxd4 Nf6 5. Nc3 Nc6 6. Be2 e5 7. Nb3 Be7 8.
Be3 O-O 9. g4 Be6 10. Bf3 a5 11. g5 Nd7 12. h4 a4 13. Nc1 f5 14. exf5 Bxf5 15.
Nd5 e4 16. Nxe7+ Qxe7 17. Qd5+ Kh8 18. Bg2 Nde5 19. Ne2 Ra5 20. Qd2 Nf3+ 21.
Bxf3 exf3 22. Nc3 Nb4 23. Rc1 d5 24. Kd1 d4 25. Bxd4 Rd8 26. Re1 Qd7 27. Nb1
Rd5 28. c3 Nd3 29. Na3 Nxe1 30. Qxe1 Rxd4+ 0-1

[Event "NM for klubblag 2008"]
[Site "Oslo NOR"]
[Date "2008.05.02"]
[Round "3"]
[White "Taube, Gregor"]
[Black "Høva, Frode"]
[Result "1-0"]
[WhiteElo "1092"]
[BlackElo "1558"]
[PlyCount "77"]
[EventDate "2008.05.01"]
[WhiteTeam "1911 4"]
[BlackTeam "Follo"]

1. e4 d6 2. d4 Nf6 3. Nc3 g6 4. Nf3 Bg7 5. h3 O-O 6. Be3 c6 7. a4 b6 8. Bd3 Bb7
9. O-O Nbd7 10. Re1 a6 11. Qd2 b5 12. axb5 cxb5 13. Bh6 e5 14. dxe5 dxe5 15.
Bxg7 Kxg7 16. Qg5 h6 17. Qe3 Re8 18. Ne2 Rc8 19. Ng3 Qb6 20. Qd2 Nc5 21. Nh4
Ng8 22. Rad1 Na4 23. b3 Nc3 24. Ra1 b4 25. Re3 Qf6 26. Nf3 Rcd8 27. Qe1 Qc6 28.
Ne2 f5 29. Nxc3 bxc3 30. Ra4 f4 31. Re2 Nf6 32. Rc4 Qe6 33. Qxc3 Rd7 34. Rc5
Kh7 35. Rxe5 Rxd3 36. cxd3 Qd6 37. Rxe8 Nxe8 38. Rc2 g5 39. Nd4 1-0

[Event "NM for klubblag 2008"]
[Site "Oslo NOR"]
[Date "2008.05.03"]
[Round "4"]
[White "Johnsen, John Kr"]
[Black "Furnes, Torstein"]
[Result "1-0"]
[WhiteElo "1635"]
[BlackElo "1536"]
[PlyCount "67"]
[EventDate "2008.05.01"]
[WhiteTeam "OSS 2"]
[BlackTeam "Follo"]

1. c4 e5 2. Nc3 Nf6 3. g3 Nc6 4. Bg2 Be7 5. Nf3 O-O 6. O-O d6 7. d3 Bg4 8. h3
Be6 9. a3 Nd7 10. b4 a6 11. Bd2 f5 12. Nd5 Bxd5 13. cxd5 Na7 14. Rc1 g5 15. e4
g4 16. Nh2 h5 17. exf5 gxh3 18. Bxh3 Nf6 19. a4 Rf7 20. Bg2 Qd7 21. Be4 Rg7 22.
Kh1 Ng4 23. Nxg4 hxg4 24. Kg2 Kf7 25. Rh1 Rag8 26. Qc2 c5 27. dxc6 bxc6 28.
Bxc6 Nxc6 29. Qxc6 Qxf5 30. Qd5+ Kf6 31. Rh6+ Rg6 32. Qxg8 Qf3+ 33. Kg1 Rxh6
34. Bxh6 1-0

[Event "NM for klubblag 2008"]
[Site "Oslo NOR"]
[Date "2008.05.03"]
[Round "5"]
[White "Furnes, Torstein"]
[Black "Fossheim, Øyvind"]
[Result "0-1"]
[WhiteElo "1536"]
[BlackElo "1518"]
[PlyCount "76"]
[EventDate "2008.05.01"]
[WhiteTeam "Follo"]
[BlackTeam "Fribonden"]

1. d4 Nf6 2. c4 e6 3. Nc3 c5 4. d5 exd5 5. cxd5 d6 6. e4 g6 7. Nf3 Bg7 8. Bd3
O-O 9. O-O a6 10. a4 Bg4 11. h3 Bxf3 12. Qxf3 Nbd7 13. Bf4 Qe7 14. Qg3 Ne5 15.
Bxe5 dxe5 16. a5 Nh5 17. Qf3 Nf4 18. Bc2 Rad8 19. Kh2 Rd6 20. g3 Nh5 21. Na4
Rd7 22. Nb6 Rd6 23. Qe3 f5 24. Qxc5 Qd8 25. Rad1 Rf7 26. Qe3 Rdf6 27. Qe2 f4
28. Bb3 Kh8 29. Rc1 Rc7 30. Rfd1 fxg3+ 31. fxg3 Bf8 32. Qe3 Rcf7 33. d6 Rf2+
34. Kg1 R7f3 35. Qc5 Nxg3 36. Qxe5+ Bg7 37. Qe7 Ne2+ 38. Kh1 Rxh3# 0-1

[Event "NM for klubblag 2008"]
[Site "Oslo NOR"]
[Date "2008.05.04"]
[Round "6"]
[White "Lange, David"]
[Black "Kvisla, Johannes L"]
[Result "1/2-1/2"]
[WhiteElo "1651"]
[BlackElo "2118"]
[PlyCount "94"]
[EventDate "2008.05.01"]
[WhiteTeam "Follo"]
[BlackTeam "1911 2"]

1. d4 e6 2. c4 f5 3. g3 Nf6 4. Bg2 c6 5. Nc3 d5 6. cxd5 exd5 7. Nf3 Bd6 8. O-O
Qe7 9. Nd2 O-O 10. Nb3 Be6 11. f3 Nbd7 12. e4 fxe4 13. fxe4 dxe4 14. Nxe4 Nxe4
15. Rxf8+ Rxf8 16. Bxe4 Bh3 17. Bd3 c5 18. Bd2 cxd4 19. Bxh7+ Kxh7 20. Qh5+ Kg8
21. Qxh3 Ne5 22. Qg2 Nf3+ 23. Kh1 d3 24. Rf1 Qe4 25. Bf4 Ng5 26. Qxe4 Nxe4 27.
Kg2 Bxf4 28. gxf4 d2 29. Kf3 g5 30. Ke2 Re8 31. Rg1 Rd8 32. fxg5 Kg7 33. Rd1
Rh8 34. Nxd2 Rxh2+ 35. Ke3 Nxg5 36. Nc4 Rh3+ 37. Kd2 Kf6 38. Kc2 Ke6 39. Rd6+
Ke7 40. Rd3 Nf3 41. Kc3 Ke6 42. Nd2 Ng5 43. Rxh3 Nxh3 44. Kc4 Nf2 45. Kb5 Kd5
46. Nc4 Nd1 47. Na5 a6+ 1/2-1/2

[Event "NM for klubblag 2008"]
[Site "Oslo NOR"]
[Date "2008.05.04"]
[Round "6"]
[White "Hansen, Victor"]
[Black "Lange, Holger"]
[Result "1-0"]
[WhiteElo "2078"]
[BlackElo "1637"]
[PlyCount "89"]
[EventDate "2008.05.01"]
[WhiteTeam "1911 2"]
[BlackTeam "Follo"]

1. e4 c5 2. Nf3 Nc6 3. Bb5 d6 4. O-O Nf6 5. Re1 Bd7 6. c3 e6 7. d4 cxd4 8. cxd4
Be7 9. Nc3 a6 10. Bxc6 bxc6 11. Bg5 O-O 12. e5 Nd5 13. Bxe7 Qxe7 14. Ne4 dxe5
15. Nxe5 Rfd8 16. Rc1 Nf6 17. Nxf6+ Qxf6 18. Re3 Be8 19. Qd3 Qf4 20. Rc4 Rd5
21. Rh3 h6 22. Rf3 Qg5 23. h3 Rad8 24. Qe3 Qh4 25. Rf4 Qe7 26. Nxc6 Bxc6 27.
Rxc6 Qb7 28. Qc3 R5d7 29. b4 Qb8 30. g3 g5 31. Re4 Qb7 32. h4 Rxd4 33. Rxd4
Rxd4 34. Qxd4 Qxc6 35. hxg5 Qc1+ 36. Kh2 Qxg5 37. a4 Qf5 38. Qc5 e5 39. b5 Qh5+
40. Kg2 axb5 41. axb5 Qe2 42. b6 e4 43. b7 Qf3+ 44. Kh2 Qb3 45. Qc8+ 1-0

[Event "NM for klubblag 2008"]
[Site "Oslo NOR"]
[Date "2008.05.04"]
[Round "6"]
[White "Lea, Per"]
[Black "Hansen, Roy Drange"]
[Result "0-1"]
[WhiteElo "1575"]
[BlackElo "1389"]
[PlyCount "50"]
[EventDate "2008.05.01"]
[WhiteTeam "Follo"]
[BlackTeam "1911 2"]

1. e4 e5 2. Nf3 Nc6 3. Bb5 a6 4. Ba4 b5 5. Bb3 Nf6 6. O-O Be7 7. Re1 O-O 8. c3
d6 9. h3 Be6 10. Bc2 Nd7 11. d4 exd4 12. cxd4 d5 13. Nc3 Nb4 14. exd5 Nxd5 15.
Nxd5 Bxd5 16. Bxh7+ Kxh7 17. Ng5+ Bxg5 18. Qh5+ Bh6 19. Bxh6 gxh6 20. Qxd5 Nf6
21. Qf5+ Kh8 22. Qf4 Nh7 23. Rac1 Qd6 24. Qh4 Rg8 25. Re7 Ng5 0-1

[Event "NM for klubblag 2008"]
[Site "Oslo NOR"]
[Date "2008.05.04"]
[Round "6"]
[White "Mossin, Ivar A"]
[Black "Høva, Frode"]
[Result "1-0"]
[WhiteElo "1086"]
[BlackElo "1558"]
[PlyCount "61"]
[EventDate "2008.05.01"]
[WhiteTeam "1911 2"]
[BlackTeam "Follo"]

1. e4 c5 2. Nf3 d6 3. d4 cxd4 4. Nxd4 Nf6 5. Nc3 e6 6. Be3 Be7 7. Be2 Nc6 8.
Qd2 O-O 9. O-O-O a6 10. g4 Nxd4 11. Bxd4 b5 12. g5 Nd7 13. f4 Bb7 14. Bf3 b4
15. Ne2 a5 16. h4 Nb6 17. Ng3 Nc4 18. Qh2 a4 19. b3 axb3 20. axb3 Qa5 21. bxc4
Qa3+ 22. Bb2 Qxf3 23. Rd3 Qxf4+ 24. Kb1 d5 25. Bxg7 Rfc8 26. cxd5 exd5 27. exd5
Qc4 28. Nf5 Bf8 29. Nh6+ Kxg7 30. Qe5+ f6 31. Qxf6# 1-0

[Event "NM for klubblag 2003"]
[Site "Asker, Akershus NOR"]
[Date "2003.05.28"]
[Round "1"]
[White "Agdestein, Simen"]
[Black "Ådnøy, Hallvard Voll"]
[Result "1-0"]
[WhiteElo "2585"]
[BlackElo "2232"]
[PlyCount "93"]
[EventDate "2003.05.28"]
[WhiteTeam "NTG"]
[BlackTeam "Follo"]

1. d4 Nf6 2. c4 d6 3. Nf3 c6 4. Nc3 Nbd7 5. e4 e5 6. Be2 Be7 7. O-O O-O 8. Be3
a6 9. d5 cxd5 10. cxd5 b5 11. Nd2 Nb6 12. a4 bxa4 13. Nxa4 Nxa4 14. Rxa4 a5 15.
Ra2 Bd7 16. f3 a4 17. Nc4 Rb8 18. Qd2 Nh5 19. Rc1 Nf4 20. Bd1 f5 21. Bxa4 fxe4
22. fxe4 Bg4 23. Bd1 h5 24. Bxg4 hxg4 25. Qd1 Rb4 26. b3 Qb8 27. Rc3 Rf6 28.
Rf2 Qc8 29. Qc1 Qa6 30. Qf1 g5 31. Qd1 Qc8 32. Rfc2 Qd7 33. Nd2 Qb5 34. Rc4
Rxb3 35. Nxb3 Qxb3 36. Ba7 g3 37. hxg3 Qxg3 38. R4c3 Qh4 39. Rc8+ Kf7 40. Bf2
Qh6 41. Qf3 g4 42. Qxg4 Rg6 43. Qf5+ Kg7 44. Be3 Nh3+ 45. Kf1 Qxe3 46. Rg8+
Kxg8 47. Qxg6+ 1-0

[Event "NM for klubblag 2003"]
[Site "Asker, Akershus NOR"]
[Date "2003.05.28"]
[Round "1"]
[White "Kirkebø, Carl Peter"]
[Black "Agdestein, Espen"]
[Result "0-1"]
[WhiteElo "2051"]
[BlackElo "2410"]
[PlyCount "72"]
[EventDate "2003.05.28"]
[WhiteTeam "Follo"]
[BlackTeam "NTG"]

1. e4 c5 2. Nf3 Nc6 3. d4 cxd4 4. Nxd4 Nf6 5. Nc3 d6 6. Bc4 e6 7. Be3 Be7 8.
Qe2 a6 9. O-O-O O-O 10. Bb3 Qe8 11. Rhg1 b5 12. f3 Na5 13. g4 Nd7 14. Bxe6 fxe6
15. Nxe6 Qf7 16. Nxf8 Bxf8 17. Kb1 Bb7 18. g5 Nc4 19. Bc1 Ndb6 20. Rdf1 b4 21.
Nd1 d5 22. e5 Re8 23. f4 Bc8 24. h4 Bf5 25. h5 Qe6 26. Be3 Rc8 27. Ka1 Bc5 28.
Bxc5 Rxc5 29. g6 h6 30. Ne3 Nxe3 31. Qxe3 Rc4 32. Rd1 a5 33. Rc1 Qc6 34. Rge1
Qe6 35. c3 b3 36. axb3 Qc6 0-1

[Event "NM for klubblag 2003"]
[Site "Asker, Akershus NOR"]
[Date "2003.05.28"]
[Round "1"]
[White "Mihajlov, Svetoslav"]
[Black "Bekkelien, Glenn Lewi"]
[Result "1/2-1/2"]
[WhiteElo "2056"]
[BlackElo "1688"]
[PlyCount "72"]
[EventDate "2003.05.28"]
[WhiteTeam "NTG"]
[BlackTeam "Follo"]

1. d4 Nf6 2. Nf3 e6 3. g3 b6 4. Bg2 Bb7 5. c4 Be7 6. O-O O-O 7. Nc3 Ne4 8. Qc2
Nxc3 9. Qxc3 d6 10. Re1 f5 11. h4 Bf6 12. Bg5 Nd7 13. Rad1 Qe8 14. Bxf6 Nxf6
15. Nd2 Bxg2 16. Kxg2 Qg6 17. f4 Rae8 18. Qf3 e5 19. e3 e4 20. Qe2 Nh5 21. Nf1
h6 22. Kh3 Qf7 23. Nh2 g5 24. Rg1 Kh7 25. Rdf1 gxh4 26. gxh4 Rg8 27. b3 Rg6 28.
Rxg6 Qxg6 29. Qg2 Rg8 30. Rg1 Nf6 31. Qxg6+ Rxg6 32. Rc1 Kg7 33. Nf1 Rg1 34.
Kh2 Rg4 35. Kh3 Rg1 36. Kh2 Rg4 1/2-1/2

[Event "NM for klubblag 2003"]
[Site "Asker, Akershus NOR"]
[Date "2003.05.28"]
[Round "1"]
[White "Lea, Per"]
[Black "Vea, Odin Blikra"]
[Result "1-0"]
[WhiteElo "1669"]
[BlackElo "1777"]
[PlyCount "55"]
[EventDate "2003.05.28"]
[WhiteTeam "Follo"]
[BlackTeam "NTG"]

1. e4 c5 2. Nf3 Nc6 3. d4 cxd4 4. Nxd4 Nf6 5. Nc3 e6 6. Bg5 Bb4 7. Ndb5 a6 8.
Nd6+ Ke7 9. Nc4 h6 10. Bxf6+ gxf6 11. Qd2 b5 12. Ne3 Qa5 13. Ned1 Bb7 14. a3
Rac8 15. Rb1 Bd6 16. Ne3 Ne5 17. Ncd5+ exd5 18. Qxa5 d4 19. Nf5+ Ke6 20. Nxd4+
Ke7 21. Nf5+ Ke6 22. Nxd6 Kxd6 23. Rd1+ Ke7 24. Qb4+ Ke8 25. a4 Rxc2 26. axb5
axb5 27. Bxb5 Rg8 28. Bxd7+ 1-0

[Event "NM for klubblag 2003"]
[Site "Asker, Akershus NOR"]
[Date "2003.05.28"]
[Round "1"]
[White "Lurdalen, Svein Erik"]
[Black "Furnes, Torstein"]
[Result "0-1"]
[WhiteElo "1733"]
[BlackElo "1470"]
[Annotator "Torstein Furnes"]
[PlyCount "92"]
[EventDate "2003.05.28"]
[WhiteTeam "NTG"]
[BlackTeam "Follo"]

1. e4 c5 2. Nc3 Nc6 3. g3 d6 4. Bg2 Nf6 5. d3 e6 6. f4 Be7 7. Nf3 O-O 8. Ne2 d5
9. e5 Ne8 10. O-O f6 11. exf6 Nxf6 12. c3 Bd6 13. d4 Bd7 14. Ne5 cxd4 15. cxd4
Bc7 16. h3 Nxe5 17. fxe5 Ne8 18. Rxf8+ Kxf8 19. b3 Bb6 20. Ba3+ Kg8 21. Qd3 (
21. Qd2 {er sterkere}) 21... Qg5 22. Rf1 Nc7 23. Qf3 Qf5 24. Qc3 ({
Antagelig var} 24. Qxf5 {bedre}) 24... Qxe5 {Jeg er usikker på om denne
bondevinsten var en bukk eller et offer fra hvit. Riktignok kommer han inn på
f8, men svart klarer seg. Dette er kanskje er et slags vendepunkt i partiet.
Tidligere har hvit hatt best stilling, men nå begynner svart å få motsjanser.}
25. Qb4 Qe3+ 26. Kh2 h6 27. Rf8+ (27. Qe7 {er et alternativ.}) 27... Rxf8 28.
Qxf8+ Kh7 29. Bf1 ({Gir svart solid fordel. Men hvit er uansett i trøbbel og
det er ikke lett å finne trekk mot svarts trusler. Fritz hevder at} 29. Qf3 {
er beste trekk for hvit.}) 29... Bb5 30. Bc1 Qe4 31. Bxh6 $6 {
Et desperat forsøk på å skape motspill og evigsjakk-muligheter ?} Kxh6 32. Qh8+
Qh7 33. Qd8 Bxe2 34. Bxe2 Qf5 35. Qh4+ Kg6 36. g4 Qf4+ 37. Kg2 Qe4+ 38. Bf3
Qxd4 {Svarts trusler mot f2 og g1 kveler hvits motspill, og partiet er i
realiteten over når springeren kommer med i angrepet.} 39. Qe1 e5 40. h4 Ne6
41. g5 Nf4+ 42. Kh1 Qe3 43. Qg3 e4 44. h5+ Kh7 45. g6+ Kh8 46. Qg4 Qxf3+ 0-1

[Event "NM for klubblag 2003"]
[Site "Asker, Akershus NOR"]
[Date "2003.05.29"]
[Round "2"]
[White "Ådnøy, Hallvard Voll"]
[Black "Hammerstad, Åsmund"]
[Result "0-1"]
[WhiteElo "2232"]
[BlackElo "2009"]
[PlyCount "79"]
[EventDate "2003.05.28"]
[WhiteTeam "Follo"]
[BlackTeam "Asker 2"]

1. d4 e6 2. e4 d5 3. Nc3 Bb4 4. e5 c5 5. dxc5 Ne7 6. Nf3 O-O 7. Bd3 f5 8. Bd2
Nd7 9. Qe2 Nxc5 10. a3 Bxc3 11. Bxc3 Qc7 12. O-O h6 13. Bd4 Bd7 14. b4 Ne4 15.
c4 Bc6 16. Rac1 dxc4 17. Bxc4 Qd7 18. Rfd1 Bd5 19. Bb2 a6 20. Nd4 b5 21. Bxd5
Nxd5 22. f3 Ng5 23. Rc6 Rfc8 24. Rd6 Qb7 25. h4 Nf7 26. Nxe6 Nxd6 27. exd6 Qb6+
28. Kh1 Qxd6 29. Nxg7 Qe7 30. Qf2 Qf7 31. Qg3 f4 32. Qh3 Rc2 33. Be5 Rac8 34.
Ne6 Ne3 35. Rg1 Qf5 36. Bxf4 Kf7 37. Bxe3 Qxh3+ 38. gxh3 Kxe6 39. Bxh6 R8c3 40.
Bg5 0-1

[Event "NM for klubblag 2003"]
[Site "Asker, Akershus NOR"]
[Date "2003.05.29"]
[Round "2"]
[White "Gunnesdal, Lars"]
[Black "Kirkebø, Carl Peter"]
[Result "0-1"]
[WhiteElo "1835"]
[BlackElo "2051"]
[PlyCount "74"]
[EventDate "2003.05.28"]
[WhiteTeam "Asker 2"]
[BlackTeam "Follo"]

1. e4 c5 2. Nc3 Nc6 3. g3 g6 4. Bg2 Bg7 5. d3 d6 6. Be3 Nf6 7. h3 Rb8 8. Qd2
Nd4 9. Nge2 e5 10. f4 b5 11. O-O b4 12. Nd1 Nxe2+ 13. Qxe2 exf4 14. gxf4 O-O
15. Qf2 a5 16. Rb1 a4 17. c4 bxc3 18. Nxc3 Ba6 19. Rfd1 Qa5 20. e5 dxe5 21.
fxe5 Nd7 22. Nd5 Nxe5 23. Nf6+ Kh8 24. Qh4 h5 25. Be4 Rb4 26. d4 cxd4 27. Bd2
d3 28. Bxb4 Qxb4 29. Rf1 Bb7 30. Rf5 Bh6 31. Rxe5 Qd4+ 32. Kf1 Qxe5 33. Nd7
Qxe4 34. Qxe4 Bxe4 35. Nxf8 Bxf8 36. Rd1 Bb4 37. Kf2 d2 0-1

[Event "NM for klubblag 2003"]
[Site "Asker, Akershus NOR"]
[Date "2003.05.29"]
[Round "2"]
[White "Næssvold, Kjell"]
[Black "Carlsen, Henrik"]
[Result "0-1"]
[WhiteElo "1840"]
[BlackElo "1897"]
[PlyCount "104"]
[EventDate "2003.05.28"]
[WhiteTeam "Follo"]
[BlackTeam "Asker 2"]

1. e4 d5 2. exd5 Qxd5 3. Nc3 Qa5 4. Nf3 Nf6 5. Bc4 c6 6. a3 Bg4 7. h3 Qh5 8.
Be2 Nbd7 9. d4 e6 10. Bf4 Be7 11. Qd2 O-O 12. O-O Bxf3 13. Bxf3 Qg6 14. Qe2
Rfe8 15. Bh2 Nb6 16. Ne4 Rad8 17. c3 Nbd5 18. Rfe1 Nxe4 19. Bxe4 Qh6 20. Qf3
Bd6 21. Bxd6 Rxd6 22. Bc2 Qf4 23. Qxf4 Nxf4 24. Re4 Nd5 25. Rae1 h6 26. g3 Nf6
27. R4e2 Rc8 28. Bb3 Kf8 29. f4 c5 30. dxc5 Rxc5 31. Kf2 Rb6 32. Ba2 a5 33. Kf3
Rcb5 34. b4 Rd6 35. c4 Rh5 36. h4 axb4 37. axb4 g5 38. hxg5 hxg5 39. c5 Rd4 40.
b5 gxf4 41. c6 Rd3+ 42. Kf2 Ng4+ 43. Kg1 Rxg3+ 44. Rg2 Rxg2+ 45. Kxg2 Rxb5 46.
cxb7 Rxb7 47. Kf3 Ne3 48. Rh1 e5 49. Ke4 Re7 50. Rg1 f5+ 51. Kf3 Rg7 52. Rh1
Rg3+ 0-1

[Event "NM for klubblag 2003"]
[Site "Asker, Akershus NOR"]
[Date "2003.05.28"]
[Round "2"]
[White "Røstad, Rolf"]
[Black "Lange, Holger"]
[Result "1-0"]
[WhiteElo "1746"]
[BlackElo "1834"]
[PlyCount "151"]
[EventDate "2003.05.28"]
[WhiteTeam "Asker 2"]
[BlackTeam "Follo"]

1. e4 c5 2. Nf3 Nc6 3. d4 cxd4 4. Nxd4 Nf6 5. Nc3 d6 6. Bc4 e6 7. Bg5 Be7 8.
Qd2 O-O 9. O-O-O Nxd4 10. Qxd4 Qa5 11. Bd2 Qc5 12. Qd3 Ng4 13. Qe2 Ne5 14. Bb3
Bd7 15. f4 Nc6 16. Be3 Qa5 17. g4 Rfd8 18. g5 Rac8 19. h4 Be8 20. Kb1 d5 21.
exd5 exd5 22. Nxd5 Bc5 23. Bd2 Qa6 24. Qxa6 bxa6 25. Bc3 Ne7 26. h5 Nf5 27. h6
Bc6 28. hxg7 Bxd5 29. Rxd5 Rxd5 30. Bxd5 Bd4 31. Bxd4 Nxd4 32. c3 Ne6 33. Bxe6
fxe6 34. Rh6 Re8 35. Kc2 Kxg7 36. Rh1 Rf8 37. Rf1 Kg6 38. Kd3 e5 39. Ke3 exf4+
40. Rxf4 Re8+ 41. Kf2 Re6 42. Rf8 Rd6 43. Rg8+ Kf7 44. Rb8 Rd7 45. Kf3 Kg6 46.
Kg4 Re7 47. Rg8+ Kf7 48. Rd8 Rb7 49. Rd2 Ke7 50. Rh2 Kf8 51. a4 Kg7 52. Kf5
Rf7+ 53. Ke6 Rb7 54. Kd6 Kg6 55. Rg2 Kf5 56. Kc6 Rb6+ 57. Kc7 Kg6 58. a5 Rb5
59. b4 Rxg5 60. Rd2 Rf5 61. c4 h5 62. c5 h4 63. c6 h3 64. Rh2 Rh5 65. Kb7 Rb5+
66. Kxa6 Rxb4 67. Rxh3 Rc4 68. Kb7 Rb4+ 69. Kxa7 Rc4 70. Kb6 Kf6 71. Re3 Rc1
72. Rb3 Ke6 73. c7 Kd7 74. Rd3+ Ke7 75. Rd8 Rb1+ 76. Ka6 1-0

[Event "NM for klubblag 2003"]
[Site "Asker, Akershus NOR"]
[Date "2003.05.28"]
[Round "2"]
[White "Bekkelien, Glenn Lewi"]
[Black "Benn, Neil"]
[Result "1-0"]
[WhiteElo "1688"]
[BlackElo "1537"]
[PlyCount "69"]
[EventDate "2003.05.28"]
[WhiteTeam "Follo"]
[BlackTeam "Asker 2"]

1. Nf3 c5 2. g3 Nf6 3. Bg2 g6 4. O-O Bg7 5. d3 O-O 6. e4 d6 7. Nbd2 Nc6 8. Nh4
Qc7 9. f4 Bd7 10. c3 Rac8 11. Ndf3 b5 12. f5 a5 13. fxg6 hxg6 14. Ng5 Nd8 15.
Bf4 e5 16. Bd2 c4 17. Qe2 Ne6 18. Rad1 cxd3 19. Qxd3 Nc5 20. Qe2 Bg4 21. Bf3
Bxf3 22. Qxf3 Qb7 23. Rde1 d5 24. exd5 Qxd5 25. Qe2 Nd3 26. Ne4 Nd7 27. Rd1
Nxb2 28. Bh6 Nxd1 29. Rxd1 Qc6 30. Bxg7 Kxg7 31. Qg4 f5 32. Rxd7+ Qxd7 33.
Qxg6+ Kh8 34. Nf6 Qg7 35. Qh5+ 1-0

[Event "NM for klubblag 2003"]
[Site "Asker, Akershus NOR"]
[Date "2003.05.30"]
[Round "3"]
[White "Parr, Erik"]
[Black "Næssvold, Kjell"]
[Result "1-0"]
[WhiteElo "2079"]
[BlackElo "1840"]
[PlyCount "111"]
[EventDate "2003.05.28"]
[WhiteTeam "Nittedal"]
[BlackTeam "Follo"]

1. e4 c5 2. Nf3 e6 3. c3 d5 4. e5 Nc6 5. d4 Bd7 6. Be2 h5 7. a3 Nh6 8. Bxh6
Rxh6 9. b4 cxd4 10. cxd4 h4 11. h3 a5 12. b5 Ne7 13. a4 Nf5 14. Bd3 b6 15. O-O
Rc8 16. Ra2 Bb4 17. Rc2 Rh8 18. Qc1 g6 19. Rxc8 Qxc8 20. Qf4 Be7 21. Rc1 Qd8
22. Qd2 Kf8 23. Qc3 Qe8 24. Qc7 Bd8 25. Qb7 Kg7 26. Nbd2 Qe7 27. Rc2 Be8 28.
Qxe7 Nxe7 29. Nh2 Bd7 30. Ng4 Ng8 31. Nf3 Kf8 32. Kf1 Ke8 33. Ke2 Rh5 34. Ke3
Ke7 35. Nfh2 Ke8 36. f4 Rh8 37. Nf3 Rh5 38. Be2 Rh8 39. Ng5 Ke7 40. Nf3 Ke8 41.
Bd3 Ke7 42. Kf2 Ke8 43. Rc3 Ke7 44. Bc2 Ke8 45. Bb3 Rh5 46. Bc2 Rh8 47. Nfh2
Rh5 48. Ne3 Nh6 49. Bd1 Rf5 50. Nxf5 Nxf5 51. Nf3 f6 52. Bc2 fxe5 53. Bxf5 gxf5
54. Nxe5 Ke7 55. g3 Kd6 56. Nf7+ 1-0

[Event "NM for klubblag 2003"]
[Site "Asker, Akershus NOR"]
[Date "2003.05.30"]
[Round "3"]
[White "Bekkelien, Glenn Lewi"]
[Black "Sparby, Bjørn"]
[Result "0-1"]
[WhiteElo "1688"]
[BlackElo "1870"]
[PlyCount "86"]
[EventDate "2003.05.28"]
[WhiteTeam "Follo"]
[BlackTeam "Nittedal"]

1. Nf3 d5 2. g3 Nf6 3. Bg2 e6 4. O-O c5 5. d3 Be7 6. Nbd2 O-O 7. e4 Nc6 8. Re1
d4 9. a4 e5 10. Nc4 Qc7 11. Nh4 Bg4 12. Bf3 Be6 13. Nf5 Bd8 14. h4 a6 15. Kg2
Rb8 16. Bg5 b5 17. axb5 axb5 18. Ncd6 Nd7 19. Qd2 Bxf5 20. Nxf5 f6 21. Bh6 gxh6
22. Qxh6 Nb6 23. g4 Nc8 24. g5 Nd6 25. g6 Rb7 26. h5 Nb4 27. Rg1 Nxf5 28. exf5
Qg7 29. Qd2 h6 30. c3 dxc3 31. bxc3 c4 32. cxb4 Rd7 33. Qa2 Rxd3 34. Be2 Qb7+
35. Kf1 Rb3 36. Rd1 Kg7 37. Rg4 Bb6 38. Rd6 Ra8 39. Qc2 Ra1+ 40. Rd1 Rxd1+ 41.
Qxd1 Bd4 42. Rg3 Rxb4 43. f4 Qh1+ 0-1

[Event "NM for klubblag 2003"]
[Site "Asker, Akershus NOR"]
[Date "2003.05.30"]
[Round "3"]
[White "Digernes, Magnus"]
[Black "Lea, Per"]
[Result "1-0"]
[WhiteElo "1783"]
[BlackElo "1669"]
[PlyCount "91"]
[EventDate "2003.05.28"]
[WhiteTeam "Nittedal"]
[BlackTeam "Follo"]

1. d4 d5 2. Nf3 Nf6 3. Bf4 e6 4. e3 c5 5. c3 Nc6 6. Bd3 Be7 7. Nbd2 O-O 8. h3
a6 9. Ne5 Nxe5 10. Bxe5 Bd6 11. Qc2 h6 12. Nf3 c4 13. Bxf6 Qxf6 14. Be2 b5 15.
Nh2 Qg6 16. Qxg6 fxg6 17. Ng4 g5 18. Bf3 Bb7 19. O-O Rf7 20. Rae1 Re8 21. Bd1
e5 22. dxe5 Bxe5 23. Bc2 Rfe7 24. Nxe5 Rxe5 25. Rd1 Kf7 26. Rd4 Ke6 27. Bd1 Kd6
28. Bf3 Kc5 29. Rfd1 a5 30. b3 R8e7 31. Rb1 b4 32. Rc1 Ba6 33. bxc4 Bxc4 34.
cxb4+ Kxb4 35. Bxd5 Rxd5 36. Rcxc4+ Kb5 37. Rxd5+ Kxc4 38. Rxa5 Kd3 39. g4 Rf7
40. a4 Ke4 41. Kg2 Rc7 42. Ra8 Kd5 43. Rd8+ Kc6 44. Rd1 Kb6 45. Ra1 Ka5 46. Kg3
1-0

[Event "NM for klubblag 2003"]
[Site "Asker, Akershus NOR"]
[Date "2003.05.30"]
[Round "3"]
[White "Simonsen, Steinar"]
[Black "Thrana, Svein Arne"]
[Result "1-0"]
[WhiteElo "1521"]
[BlackElo "1687"]
[PlyCount "124"]
[EventDate "2003.05.28"]
[WhiteTeam "Follo"]
[BlackTeam "Nittedal"]

1. e4 c5 2. Nf3 d6 3. d4 cxd4 4. Nxd4 Nf6 5. Nc3 g6 6. Be2 Bg7 7. O-O O-O 8. f4
Nc6 9. Be3 Bd7 10. f5 Ne5 11. fxg6 hxg6 12. Qd2 Nfg4 13. Bxg4 Bxg4 14. h3 Nc4
15. Qc1 Nxe3 16. Qxe3 Bd7 17. Nf3 Rc8 18. Kh1 a6 19. Rad1 Rc4 20. Qd3 Rc5 21.
Qe3 Rh5 22. Nh2 Be5 23. Ne2 Qc8 24. Nf4 Bxf4 25. Qxf4 Bxh3 26. gxh3 Rxh3 27.
Rd3 Rh5 28. Rd2 Qe6 29. Rg2 Kg7 30. Qg4 Re5 31. Qxe6 Rxe6 32. Re2 Rh8 33. Kg1
f5 34. Rfe1 f4 35. Nf3 Rh3 36. Ng5 Rg3+ 37. Rg2 Rxg2+ 38. Kxg2 Re5 39. Nf3 Rc5
40. Nd4 Kf6 41. c3 Rg5+ 42. Kf2 Rg3 43. Ne2 Rg4 44. Kf3 Kg5 45. Rd1 Rh4 46.
Rg1+ Kf6 47. Nxf4 Rh6 48. Nd5+ Kf7 49. a4 Rh2 50. Rg2 Rh1 51. Ke3 Rh3+ 52. Kd2
Rf3 53. Ke2 Rh3 54. Rf2+ Ke8 55. Rg2 Kf7 56. Nf4 Rh6 57. Kd3 e5 58. Nd5 Rh3+
59. Kc2 Rf3 60. Kd2 Rf1 61. Ke2 Ra1 62. Rf2+ Kg7 1-0

[Event "NM for klubblag 2003"]
[Site "Asker, Akershus NOR"]
[Date "2003.05.30"]
[Round "3"]
[White "Flores, Richard"]
[Black "Furnes, Torstein"]
[Result "1-0"]
[WhiteElo "1503"]
[BlackElo "1470"]
[PlyCount "57"]
[EventDate "2003.05.28"]
[WhiteTeam "Nittedal"]
[BlackTeam "Follo"]

1. e4 c5 2. Nf3 Nc6 3. d4 cxd4 4. Nxd4 e5 5. Nb5 d6 6. N1c3 a6 7. Na3 b5 8. Nd5
Nf6 9. Bg5 Be7 10. Bxf6 Bxf6 11. c3 O-O 12. Nc2 Bg5 13. h4 Be7 14. Nce3 f5 15.
exf5 Bxf5 16. Nxf5 Rxf5 17. Bd3 Rf7 18. Qc2 g6 19. h5 g5 20. h6 Bf8 21. Be4 Rc8
22. Bf5 Nd4 23. Bxh7+ Rxh7 24. Qg6+ Bg7 25. cxd4 exd4 26. Qe6+ Kh8 27. hxg7+
Kxg7 28. Rxh7+ Kxh7 29. Kd2 1-0

[Event "NM for klubblag 2003"]
[Site "Asker, Akershus NOR"]
[Date "2003.05.31"]
[Round "4"]
[White "Ådnøy, Hallvard Voll"]
[Black "Szalai, Janos"]
[Result "1-0"]
[WhiteElo "2232"]
[BlackElo "1822"]
[PlyCount "69"]
[EventDate "2003.05.28"]
[WhiteTeam "Follo"]
[BlackTeam "Akademisk 3"]

1. e4 e6 2. d3 d5 3. Nd2 c5 4. Ngf3 Nc6 5. g3 Nf6 6. Bg2 dxe4 7. dxe4 Be7 8.
O-O O-O 9. e5 Nd5 10. Qe2 Bd7 11. c4 Ndb4 12. Nb3 Na5 13. Nxa5 Qxa5 14. a3 Nc6
15. Bf4 Rfd8 16. h4 Be8 17. h5 Qc7 18. Rfe1 Nd4 19. Nxd4 Rxd4 20. Be3 Rd7 21.
f4 Rad8 22. Qg4 Bf8 23. Be4 b6 24. Rac1 Kh8 25. Rc2 Re7 26. Qf3 Rc8 27. Rd2 Rd7
28. Rf2 Re7 29. f5 exf5 30. Qxf5 g6 31. hxg6 hxg6 32. Qh3+ Kg8 33. Rh2 Bg7 34.
Qh7+ Kf8 35. Bh6 1-0